Zdaňovanie negatívnej spotreby v Slovenskej republike

Význam a postavenie selektívnych spotrebných daní. Harmonizácia spotrebných daní v rámci prístupového procesu do EÚ. Harmonizácia spotrebných daní obmedzujúcich negatívnu spotrebu v SR. Spotrebná daň z tabaku a tabakových výrobkov uplatňovaná v EÚ a v SR. Spotrebná daň z tabaku a tabakových výrobkov...

ver descrição completa

Na minha lista:
Detalhes bibliográficos
Autor principal: Zubaľová, Alena, 1959-
Formato: Capítulo de Livro
Idioma:eslovaco
Assuntos:
Tags: Adicionar Tag
Sem tags, seja o primeiro a adicionar uma tag!

MARC

LEADER 00000naa$a2200000$$$4500
001 0027532
005 20230929124837.3
041 0 |a slo 
044 |a CZ 
245 1 0 |a Zdaňovanie negatívnej spotreby v Slovenskej republike  |c Alena Zubaľová 
520 |a Význam a postavenie selektívnych spotrebných daní. Harmonizácia spotrebných daní v rámci prístupového procesu do EÚ. Harmonizácia spotrebných daní obmedzujúcich negatívnu spotrebu v SR. Spotrebná daň z tabaku a tabakových výrobkov uplatňovaná v EÚ a v SR. Spotrebná daň z tabaku a tabakových výrobkov verzus ochrana nefajčiarov. Spotrebná daň z alkoholických nápojov, liehu, vína a piva. 
610 2 0 |a Slovensko 
610 2 0 |a dane spotrebné 
610 2 0 |a sadzby daňové 
610 2 0 |a tabak 
610 2 0 |a lieh 
610 2 0 |a víno 
610 2 0 |a pivo 
610 2 0 |a ochrana zdravia 
610 2 0 |a Európska únia 
610 2 0 |a harmonizácia 
610 2 0 |a spotreba 
100 1 |a Zubaľová, Alena, 1959-